301 câu đàm thoại tiếng Hoa T.2 301 câu đàm thoại tiếng Hoa

Guardado en:
Detalles Bibliográficos
Autor principal: Trương Văn Giới (Dịch)
Otros Autores: Lê Khắc Kiều Lục (Dịch)
Formato: Libro
Lenguaje:Vietnamese
Publicado: Tp. Hồ Chí Minh Đại học Quốc gia 2000
Materias:
Etiquetas: Agregar Etiqueta
Sin Etiquetas, Sea el primero en etiquetar este registro!
Thư viện lưu trữ: Mạng thư viện Đại học Đà Nẵng
LEADER 01243nam a2200349 4500
001 000009750
003 5948
005 20170410150455.0
008 111102s2000 viesd
020 |c 18000đ 
041 0 |a vie 
082 |a 495.1  |b Bat 
100 0 |a Trương Văn Giới  |e Dịch 
245 1 0 |a 301 câu đàm thoại tiếng Hoa  |c Trương Văn Giới; Lê Khắc Kiều Lục  |n T.2  |p 301 câu đàm thoại tiếng Hoa 
260 |a Tp. Hồ Chí Minh  |b Đại học Quốc gia  |c 2000 
300 |a 222 tr.  |c 21 cm 
500 |a Học viện ngôn ngữ Bắc Kinh 
653 |a Tiếng Trung Quốc 
700 |a Trương Văn Giới  |e Dịch 
700 |a Lê Khắc Kiều Lục  |e Dịch 
773 |t 301 câu đàm thoại tiếng Hoa  |w 5946 
910 |a duyên 
OWN |a LSP 
AVA |a UDN50  |b LSP  |d 495.1 Bat  |e available  |t Error 5001 Not defined in file expand_doc_bib_avail.  |f 8  |g 0  |h N  |i 0  |k 1 
999 |a From the UDN01 
AVA |a UDN50  |b LSP  |d 495.1 Bat  |e available  |t Error 5001 Not defined in file expand_doc_bib_avail.  |f 8  |g 0  |h N  |i 0  |k 1 
TYP |a Monograph 
TYP |a Printed language 
980 |a Mạng thư viện Đại học Đà Nẵng